Statistics for NBA All Time Leaders In Blocks Per Game

Click here to take the quiz!

General Stats

  • This quiz has been taken 1,367 times
  • The average score is 11 of 30

Answer Stats

RankBPGPlayer% Correct
33.09Hakeem Olajuwon
91%
142.26Shaquille O'Neal
80%
72.75Dikembe Mutombo
75%
42.99David Robinson
71%
82.57Kareem Abdul-Jabbar
71%
112.45Patrick Ewing
63%
152.22Tim Duncan
63%
23.34Manute Bol
62%
202.16Dwight Howard
60%
291.87Jermaine O'Neal
58%
13.50Mark Eaton
54%
241.96Ben Wallace
47%
62.81Alonzo Mourning
39%
92.55Shawn Bradley
33%
271.89Yao Ming
33%
162.21Bill Walton
28%
122.44Marcus Camby
25%
102.46George T. Johnson
24%
231.98Elvin Hayes
23%
261.92Artis Gilmore
19%
182.20Tree Rollins
18%
52.90Elmore Smith
16%
192.17Josh Smith
15%
301.87Samuel Dalembert
15%
212.06Nate Thurmond
14%
132.43Theo Ratliff
12%
281.88Elton Brand
8%
172.20Larry Nance
7%
222.03Andrei Kirilenko
6%
251.96Benoit Benjamin
2%

Score Distribution

Percentile by Number Answered

Percent of People with Each Score

Your Score History

You have not taken this quiz